| 000 | 01035nam a22002057a 4500 | ||
|---|---|---|---|
| 005 | 2011112907337.0 | ||
| 008 | 111129s1982 le|||||r|||| 00| 0 ara d | ||
| 082 |
_222 _a338.956 _bر ش ى |
||
| 100 |
_927928 _aرشيد، عبد الوهاب حميد |
||
| 245 |
_aالتنمية العربية ومدخل المشروعات المشتركة / _bعبد الوهاب حميد رشيد. |
||
| 250 | _aط. 1. | ||
| 260 |
_aبيروت : _bالمؤسسة العربية للدراسات والنشر، _c1982. |
||
| 300 |
_a307 ص. : _bجداول ؛ _c24 سم. |
||
| 504 | _aيشتمل على إرجاعات ببليوجرافية: ص 297-306 | ||
| 651 |
_915246 _aالعالم العربي _xالأحوال الاقتصادية |
||
| 651 |
_921482 _aالعالم العربي _xالتنمية الاقتصادية |
||
| 653 |
_bAra _cNovember2011 |
||
| 942 |
_2ddc _cBB |
||
| 999 |
_c16273 _d16273 |
||